Szczegóły MARC21

Die Aufzeichnungen des Malte Laurids Brigge /

003 -Nazwa inst., której nr kontr. jest w polu 001 [,]
    • @
    • Nazwa instytucji, której n kontrolny jest w polu 001
    • NUKAT
005 -DATA I CZAS OSTATNIEJ MODYFIKACJI [,]
    • @
    • pole kontrolne
    • 20241231092726.0
020 -Międzynarod. znormalizowany nr książki - ISBN [ , ]
    • a
    • Numer ISBN
    • 3458323309 Find
040 -Instytucja sporządzająca opis [ , ]
    • a
    • Instytucja, która sporządziła opis (NP)
    • KR 119/IK
    • b
    • Język katalogowania
    • pol
    • e
    • Zasady katalogowania
    • rda
    • c
    • Instytucja, która sporządziła rekord (NP)
    • KR 119/IKs
    • d
    • Instytucja, która zmodyfikowała rekord (P)
    • KR 119/IK
942 -Rodzaj dokumentu [ , ]
    • c
    • Rodzaj dokumentu
    • Książka
100 -Hasło główne - nazwa osobowa [1, ]
    • a
    • Nazwa osobowa (NP)
    • Rilke, Rainer Maria
    • d
    • Daty biograficzne (NP)
    • (1875-1926).
    • e
    • Rodzaj współpracy
    • Autor
    • 9
    • KHW
    • 71674
240 -Tytuł ujednolicony [1,0]
    • a
    • Tytuł ujednolicony
    • Aufzeichnungen des Malte Laurids Brigge
    • l
    • Język tekstu
    • (niem.)
    • 9
    • KHW
    • 460731
245 -Strefa tytułu i oznaczenia odpowiedzialności [1,4]
    • a
    • Tytuł
    • Die Aufzeichnungen des Malte Laurids Brigge / Find
    • c
    • Pozostałe elementy strefy tytułu i oznaczenia odpowiedzialności (NP)
    • Rainer Maria Rilke.
250 -Strefa wydania [ , ]
    • a
    • Oznaczenie wydania (NP)
    • Erste Auflage.
260 -Strefa adresu wydawniczego [ , ]
    • a
    • Miejsce wydania (P)
    • Frankfurt am Main :
    • b
    • Nazwa wydawcy (P)
    • Insel Verlag,
    • c
    • Data wydania (P)
    • 1982.
300 -Strefa opisu fizycznego [ , ]
    • a
    • Określenie formy książki i/lub objętość (NP)
    • 226, [3] stron ;
    • c
    • Format (NP)
    • 18 cm.
336 -Typ zawartości [ , ]
    • a
    • Termin opisujący typ zawartości
    • Tekst
    • b
    • Kod określający zawartość
    • txt
    • 2
    • Źródło (terminu i kodu)
    • rdacontent
337 -Typ mediów [ , ]
    • a
    • Tryb odtwarzania
    • Bez urządzenia pośredniczącego
    • b
    • Kod typu mediów
    • n
    • 2
    • Źródło (terminu i kodu)
    • rdamedia
338 -Typ/rodzaj nośnika [ , ]
    • a
    • Hasło opisujące typ nośnika
    • Wolumin
    • b
    • Kod typu nośnika
    • nc
    • 2
    • Źródło (terminu i kodu)
    • rdacarrier
380 -Deskryptor - Forma dzieła (P) [ , ]
    • a
    • forma dzieła (NP)
    • Proza
490 -Strefa serii i książki wielotomowej - forma nie do wyszukiwania [1, ]
    • a
    • Tytuł (P)
    • Insel Taschenbuch ; Find
    • v
    • Numeracja (P)
    • 630
830 -Hasło dodatkowe serii i opisu książki wielotomowej - tytuł ujednolicony/tytuł [ ,0]
    • a
    • Tytuł ujednolicony/tytuł (NP)
    • Insel Taschenbuch
    • v
    • Oznaczenie tomu (NP)
    • 630
    • 9
    • KHW
    • 402164
080 -Uniwersalna Klasyfikacja Dziesiętna [ , ]
    • a
    • Symbol klasyfikacji
    • 830(436)-4=30
655 -Hasło w funkcji tematu formalnego [ ,7]
    • a
    • Hasło
    • Powieść austriacka
    • y
    • Określnik chronologiczny
    • 1900-1945.
    • 2
    • Źródło terminu
    • kaba
    • 9
    • KHW
    • 401815
980 -Symbol UKD [ , ]
    • a
    • UKD
    • 830(436)-4=30
710 -Hasło dodatkowe - nazwa ciała zbiorowego [2, ]
    • a
    • Nazwa ciała zbiorowego lub nazwa geograficzna jako pierwszy element (NP)
    • Insel-Verlag.
    • e
    • Rodzaj współpracy
    • Wydawca
    • 4
    • Kod relacji
    • pbl
    • 9
    • KHW
    • 72710
920 -ISBN [ , ]
    • a
    • ISBN
    • 3-458-32330-9 Find
Data inwentaryzacji Lokalizacja Numer inwentarzowy Status udost. Sygnatura
1995-11-15BMG.10334-3Germ. Literatura austriacka
1995-11-15BMG.10335-3Germ. Literatura austriacka
1995-11-15BMG.9870-3Germ. Literatura austriacka
1995-11-15BMG.9871-3Germ. Literatura austriacka
1995-11-15BMG.9872-3Germ. Literatura austriacka
1998-08-14BMG.13183-3Germ. Literatura austriacka
1995-11-15BMG.10330-3Germ. Literatura austriacka
1995-11-15BMG.10331-3Germ. Literatura austriacka
1995-11-15BMG.10332-3Germ. Literatura austriacka
1995-11-15BMG.10333-3Germ. Literatura austriacka
1995-11-15BMG.10329-3Germ. Literatura austriacka
1995-11-15BMG.9869-3Germ. Literatura austriacka